00456nam a2200157Ia 450000500170000000800410001708200130005810000310007124500160010226000380011830000130015665000100016994200060017995200980018599900150028320250430051622.0240331s9999 xx 000 0 und d bWIJa891 aWijayasriwardena,K.H.De. S 0aThoran kavi aColombobM.D Gunasena Booksc1961 a239 p ., aPoems cL 001040708LaWERCLbWERCLcSSCd2024-03-31l0o 891.48 WIJp1067r2024-03-31w2024-03-31yL c4833d4833